[Event "4th Stage Russian Cup"]
[Site "Samara RUS"]
[Date "2002.07.26"]
[Round "1"]
[White "Akhmetov,A"]
[Black "Pavlov,De"]
[Result "1/2-1/2"]
[WhiteElo "2482"]
[BlackElo "2263"]
[EventDate "2002.07.26"]

1. d4 d5 2. Nf3 Nf6 3. c4 e6 4. Nc3 Nbd7 5. Bg5 c6 6. cxd5 exd5 7. e3 Bd6
8. Bd3 Nf8 9. Bh4 Ng6 10. Bg3 O-O 11. Qc2 Re8 12. O-O Bg4 13. Nd2 Bxg3 14.
hxg3 Ne7 15. b4 b5 16. a4 a6 17. Nb3 g6 18. Ra2 Bf5 19. Rfa1 Rc8 20. Nc5
Bxd3 21. Qxd3 Nf5 22. Qd1 a5 23. Rb1 axb4 24. Rxb4 bxa4 25. Raxa4 h5 26.
Ra7 Rc7 27. Rxc7 Qxc7 28. Ne2 Ng4 29. Nf4 Qa5 30. Ncd3 Ra8 31. Rb1 Qc7 32.
Rc1 Qd6 33. Qc2 Ra3 34. Ne1 Qc7 35. Qd2 Ra6 36. Nf3 Nd6 37. Nd3 Nc4 38. Qb4
Rb6 39. Qa4 Nb2 40. Qa3 Nxd3 41. Qxd3 Rb2 1/2-1/2

[Event "4th Stage Russian Cup"]
[Site "Samara RUS"]
[Date "2002.07.26"]
[Round "1"]
[White "Aleksandrov,V"]
[Black "Kostenko,P"]
[Result "0-1"]
[WhiteElo "2261"]
[BlackElo "2482"]
[EventDate "2002.07.26"]

1. d4 e6 2. c4 c5 3. d5 exd5 4. cxd5 d6 5. Nc3 g6 6. e4 Bg7 7. Nf3 a6 8. a4
Bg4 9. Be2 Nf6 10. O-O O-O 11. h3 Bxf3 12. Bxf3 Nbd7 13. Bf4 Ne8 14. Qd2
Rb8 15. Be2 Qe7 16. Bh6 Nef6 17. Bxg7 Kxg7 18. Rfe1 Rfe8 19. Bf1 Qe5 20.
Rad1 Qh5 21. f4 Qh4 22. Qf2 Qxf2+ 23. Kxf2 h6 24. Kf3 h5 25. h4 Ng4 26. b3
Re7 27. Bc4 f6 28. Re2 Kh6 29. g3 Rf8 30. a5 g5 31. Na4 gxf4 32. gxf4 Rg7
33. Nb6 Nde5+ 0-1

[Event "4th Stage Russian Cup"]
[Site "Samara RUS"]
[Date "2002.07.26"]
[Round "1"]
[White "Chernozemov,A"]
[Black "Frolyanov,D"]
[Result "0-1"]
[WhiteElo "2186"]
[BlackElo "2448"]
[EventDate "2002.07.26"]

1. d4 d5 2. c4 e6 3. cxd5 exd5 4. Nc3 c6 5. Bf4 Bd6 6. Bxd6 Qxd6 7. e3 Bf5
8. Bd3 Bxd3 9. Qxd3 Nf6 10. Nf3 Nbd7 11. O-O O-O 12. a3 a5 13. b4 b5 14. e4
dxe4 15. Nxe4 Nxe4 16. Qxe4 axb4 17. axb4 Nf6 18. Qc2 Nd5 19. Qc5 Qxc5 20.
bxc5 f6 21. Nd2 Nc3 22. Nb3 Ra4 23. Rxa4 bxa4 24. Na5 Ne2+ 25. Kh1 Nxd4 26.
Nc4 Nb3 27. Na3 Rd8 28. g3 Rd5 29. Re1 Re5 30. Rd1 Rxc5 31. Rd8+ Kf7 32.
Ra8 Rc1+ 33. Kg2 Nc5 34. Rc8 Nd3 35. Ra8 Nb2 36. Ra7+ Kg6 37. Ra5 c5 38.
Rb5 Nc4 39. Nxc4 Rxc4 40. Ra5 h5 41. Kf3 Kf5 42. Ke3 Ke5 43. Kd3 Kd5 44.
Ra7 Rd4+ 45. Kc3 g5 46. Rf7 a3 47. Ra7 Ke4 48. Kc2 Kf3 49. Rxa3+ Kxf2 50.
Ra6 f5 51. Rh6 h4 52. Rf6 f4 53. Rf5 hxg3 54. hxg3 f3 0-1

[Event "4th Stage Russian Cup"]
[Site "Samara RUS"]
[Date "2002.07.26"]
[Round "1"]
[White "Shkliar,A"]
[Black "Grebionkin,Vl"]
[Result "1/2-1/2"]
[WhiteElo "2249"]
[BlackElo "2475"]
[EventDate "2002.07.26"]

1. d4 Nf6 2. c4 g6 3. Nc3 d5 4. Bf4 Bg7 5. e3 c5 6. dxc5 Qa5 7. Rc1 dxc4 8.
Bxc4 O-O 9. Nf3 Nc6 10. O-O Qxc5 11. Bb3 Qa5 12. Qe2 Nh5 13. Bg5 Bg4 14.
Bh4 Qb4 15. Qc4 Qxc4 16. Bxc4 Bf6 17. Bxf6 Nxf6 18. Nd5 Rfd8 19. Rfd1 Nxd5
20. Bxd5 Rac8 21. h3 Bd7 22. Rd2 Be8 23. Rcd1 e6 24. Bxc6 Rxd2 25. Rxd2
Bxc6 26. Rc2 Kf8 27. Ne5 Ke7 28. Nxc6+ Rxc6 29. Rxc6 bxc6 30. Kf1 Kd6 31.
Ke2 Kc5 32. Kd3 Kb4 33. Kc2 c5 34. a3+ Kc4 35. b3+ Kd5 36. Kd3 f5 37. f3 g5
38. g4 a6 39. Kc3 Kd6 40. Kd3 1/2-1/2

[Event "4th Stage Russian Cup"]
[Site "Samara RUS"]
[Date "2002.07.26"]
[Round "1"]
[White "Zakharevich,I"]
[Black "Poletaev,Vi"]
[Result "1-0"]
[WhiteElo "2463"]
[BlackElo "2247"]
[EventDate "2002.07.26"]

1. d4 Nf6 2. c4 e6 3. Nf3 Bb4+ 4. Bd2 a5 5. g3 Ne4 6. Bxb4 axb4 7. Qb3 Na6
8. Bg2 f5 9. O-O O-O 10. Nbd2 c6 11. Nxe4 fxe4 12. Nd2 d5 13. cxd5 cxd5 14.
f3 Qb6 15. e3 exf3 16. Nxf3 Bd7 17. Ne5 Qd6 18. Rxf8+ Rxf8 19. Rf1 Rxf1+
20. Bxf1 Nb8 21. Nxd7 Nxd7 22. Qc2 Nf6 23. Qc8+ Qf8 24. Qxe6+ Kh8 25. Bh3
g6 26. Qc8 Qxc8 27. Bxc8 b6 28. Kf2 Kg7 29. Ke2 Kf7 30. Kd3 Ne4 31. Kc2 Nd6
32. Bh3 Nc4 33. Kb3 Ke7 34. e4 Nd2+ 35. Kxb4 dxe4 36. Kc3 Nf3 37. Bg2 Kd6
38. Bxf3 exf3 39. Kd3 g5 40. g4 Kd5 41. a4 f2 42. Ke2 Kxd4 43. b4 Kc4 44.
a5 bxa5 45. bxa5 Kb5 46. Kxf2 Kxa5 47. Ke3 Kb5 48. Ke4 Kc6 49. Kf5 Kd5 50.
Kxg5 Ke4 51. h3 Kf3 52. Kh6 Kf4 53. Kxh7 Kg5 54. Kg7 1-0

[Event "4th Stage Russian Cup"]
[Site "Samara RUS"]
[Date "2002.07.26"]
[Round "1"]
[White "Askarov,M"]
[Black "Nikitin,An"]
[Result "0-1"]
[WhiteElo "2242"]
[BlackElo "2471"]
[EventDate "2002.07.26"]

1. d4 d5 2. Nf3 e6 3. c4 Be7 4. g3 Nf6 5. Bg2 O-O 6. O-O c6 7. Qc2 Nbd7 8.
cxd5 exd5 9. Nc3 Re8 10. Rb1 a5 11. Bf4 Nf8 12. Rbd1 g6 13. Ne5 Ne6 14. Bc1
Bd6 15. f4 Nc7 16. Qb3 Qe7 17. Rfe1 Bb4 18. Nd3 Bf5 19. a3 Bxc3 20. bxc3 b5
21. a4 Bxd3 22. Rxd3 Ne4 23. f5 c5 24. Rf3 c4 25. Qc2 b4 26. f6 Qd7 27. Bf4
Ne6 28. Bh3 Nxf6 29. Be5 Ne4 30. Qc1 f5 31. g4 N6g5 32. gxf5 Rxe5 33. dxe5
Qa7+ 34. Kh1 Nxf3 35. exf3 Nf2+ 36. Kg2 Nd3 37. Qd2 bxc3 0-1

[Event "4th Stage Russian Cup"]
[Site "Samara RUS"]
[Date "2002.07.26"]
[Round "1"]
[White "Chuprov,D"]
[Black "Zhumabaev,R"]
[Result "1-0"]
[WhiteElo "2468"]
[BlackElo "2234"]
[EventDate "2002.07.26"]

1. e4 g6 2. d4 Bg7 3. Nf3 d6 4. c3 Nf6 5. Bd3 O-O 6. O-O Nbd7 7. Re1 e5 8.
h3 Re8 9. Nbd2 c6 10. Nc4 Qc7 11. dxe5 Nxe5 12. Nfxe5 dxe5 13. Bg5 Be6 14.
Qf3 Nh5 15. Bf1 Nf4 16. Rad1 h6 17. Bxf4 exf4 18. Nd6 Re7 19. Qxf4 Bxa2 20.
e5 Bb3 21. Rd2 Bd5 22. Qg3 Rd8 23. f4 Red7 24. Qe3 Bf8 25. f5 Qb6 26. Qxb6
axb6 27. c4 Re7 28. cxd5 Rxd6 29. exd6 Rxe1 30. dxc6 bxc6 31. d7 Bc5+ 32.
Kh2 Be7 33. d8=Q+ Bxd8 34. Rxd8+ Kg7 35. Bd3 1-0

[Event "4th Stage Russian Cup"]
[Site "Samara RUS"]
[Date "2002.07.26"]
[Round "1"]
[White "Guseva,O"]
[Black "Grachev,B"]
[Result "0-1"]
[WhiteElo "2227"]
[BlackElo "2466"]
[EventDate "2002.07.26"]

1. d4 d5 2. Nf3 e6 3. c4 c6 4. e3 Nf6 5. Nc3 Nbd7 6. Qc2 Bd6 7. b3 O-O 8.
Be2 Re8 9. O-O b6 10. e4 Nxe4 11. Nxe4 dxe4 12. Qxe4 Bb7 13. Bb2 Qe7 14.
Bd3 Nf8 15. Rfe1 c5 16. Qg4 Bxf3 17. Qxf3 cxd4 18. Be4 Rac8 19. Rad1 Qc7
20. Bxd4 Bxh2+ 21. Kh1 Bd6 22. Re3 f5 23. Bb1 Bf4 24. Re2 Rcd8 25. g3 Bd6
26. Bc3 Bc5 27. Rde1 Re7 28. Be5 Qb7 29. Kg2 Qxf3+ 30. Kxf3 Kf7 31. Bc3
Red7 32. Kg2 a5 33. Re5 Bd4 34. Bxd4 Rxd4 35. c5 bxc5 36. Rxc5 R8d5 37. Re5
Rxe5 38. Rxe5 a4 39. bxa4 Rxa4 40. Re3 Kf6 41. a3 Nd7 42. Bc2 Ra5 43. a4 g6
44. Kf1 e5 45. Ke2 Nc5 46. Rc3 e4 47. Ke3 Nxa4 48. Ra3 Nb6 49. Rxa5 Nc4+
50. Kd4 Nxa5 51. Ba4 Nb7 52. Kd5 Nd8 53. g4 Ne6 54. gxf5 gxf5 55. Bc2 h5
56. Bd1 h4 57. f3 e3 0-1

[Event "4th Stage Russian Cup"]
[Site "Samara RUS"]
[Date "2002.07.26"]
[Round "1"]
[White "Arzumanian,G"]
[Black "Snatenkov,V"]
[Result "1-0"]
[WhiteElo "2461"]
[BlackElo "2225"]
[EventDate "2002.07.26"]

1. e4 c5 2. Nf3 e6 3. d4 cxd4 4. Nxd4 Nc6 5. Nc3 Qc7 6. Be2 a6 7. O-O Nf6
8. Kh1 Bb4 9. Qd3 O-O 10. Bg5 b5 11. f4 Nxd4 12. Qxd4 Bc5 13. Qd3 Bb7 14.
Rad1 Bc6 15. e5 Nd5 16. Nxd5 Bxd5 17. Qg3 Be4 18. Bf3 Bxf3 19. Rxf3 d5 20.
Bf6 g6 21. Qh4 Rfc8 22. Qxh7+ 1-0

[Event "4th Stage Russian Cup"]
[Site "Samara RUS"]
[Date "2002.07.26"]
[Round "1"]
[White "Sunjaikin,B"]
[Black "Frolov,D"]
[Result "1-0"]
[WhiteElo "2219"]
[BlackElo "2459"]
[EventDate "2002.07.26"]

1. e4 e5 2. Nf3 Nc6 3. Bc4 Nf6 4. d3 Be7 5. c3 O-O 6. Nbd2 d5 7. Bb3 Be6 8.
Qe2 dxe4 9. dxe4 Bxb3 10. axb3 Qd7 11. b4 a6 12. O-O Rad8 13. Nc4 Qg4 14.
Re1 h6 15. h3 Qe6 16. Na5 Nxa5 17. Rxa5 Nd7 18. Be3 c6 19. Nd2 Bd6 20. Qg4
Qxg4 21. hxg4 Bc7 22. Raa1 Nf6 23. f3 Rd3 24. Kf2 h5 25. gxh5 Nxh5 26. Nb3
Bd8 27. Rh1 Nf4 28. Nc5 Rxe3 29. Kxe3 Nxg2+ 30. Kf2 Nf4 31. Nxb7 Bb6+ 32.
Kg3 Ne2+ 33. Kg2 Nf4+ 34. Kh2 Rb8 35. Na5 Rc8 36. Nc4 Bf2 37. Rhd1 g6 38.
Rd2 Bh4 39. Kg1 Kg7 40. Rxa6 Be1 41. Rd7 Rh8 42. Raa7 Kf6 43. Rxf7+ Kg5 44.
Rh7 Rd8 45. Rhd7 Rh8 46. Nxe5 Rh3 47. Rh7 Bh4 48. Ra5 1-0

[Event "4th Stage Russian Cup"]
[Site "Samara RUS"]
[Date "2002.07.26"]
[Round "1"]
[White "Shestoperov,A"]
[Black "Shkliar,S"]
[Result "1/2-1/2"]
[WhiteElo "2458"]
[BlackElo "2211"]
[EventDate "2002.07.26"]

1. d4 Nf6 2. Nf3 d5 3. c4 c6 4. e3 e6 5. Bd3 Nbd7 6. Nbd2 Be7 7. O-O O-O 8.
e4 dxe4 9. Nxe4 b6 10. Qe2 Bb7 11. Nxf6+ Nxf6 12. Bf4 c5 13. dxc5 Bxc5 14.
Rad1 Qe7 15. Bg5 Rfd8 16. Bc2 h6 17. Bh4 Rac8 18. b3 Ba8 19. Rxd8+ Rxd8 20.
Rd1 Rxd1+ 21. Bxd1 Qd6 22. Bg3 1/2-1/2

[Event "4th Stage Russian Cup"]
[Site "Samara RUS"]
[Date "2002.07.26"]
[Round "1"]
[White "Shestoperova,A"]
[Black "Solovjov,S"]
[Result "0-1"]
[WhiteElo "2201"]
[BlackElo "2457"]
[EventDate "2002.07.26"]

1. d4 Nf6 2. Nf3 g6 3. Bg5 Bg7 4. e3 O-O 5. c4 c5 6. Be2 Ne4 7. Bh4 Qa5+ 8.
Nbd2 cxd4 9. exd4 Nc6 10. d5 Nxd2 11. Qxd2 Bxb2 12. Qxa5 Nxa5 13. Rb1 Bc3+
14. Kf1 Re8 15. Rc1 Bg7 16. Bg5 d6 17. Be3 Bg4 18. h3 Bxf3 19. gxf3 b6 20.
Kg2 Rec8 21. Rc2 Rc7 22. Bd3 Rac8 23. Rhc1 Nb7 24. f4 Nc5 25. Bxc5 Rxc5 26.
Rb1 Ra5 27. Rb3 Rcc5 28. Kf3 Ra4 0-1

[Event "4th Stage Russian Cup"]
[Site "Samara RUS"]
[Date "2002.07.26"]
[Round "1"]
[White "Pridorozhni,A"]
[Black "Kiselev,Ar"]
[Result "1-0"]
[WhiteElo "2453"]
[BlackElo "2195"]
[EventDate "2002.07.26"]

1. e4 e5 2. f4 exf4 3. Bc4 d5 4. Bxd5 Nf6 5. Nc3 Bb4 6. Nf3 O-O 7. O-O Bxc3
8. dxc3 c6 9. Bc4 Qe7 10. Bxf4 Nxe4 11. Qd4 Bf5 12. Rae1 Rd8 13. Qe3 Qc5
14. Qxc5 Nxc5 15. Re5 Bxc2 16. Rxc5 b6 17. Re5 1-0

[Event "4th Stage Russian Cup"]
[Site "Samara RUS"]
[Date "2002.07.26"]
[Round "1"]
[White "Gareev,T"]
[Black "Iljin,A"]
[Result "1-0"]
[WhiteElo "2191"]
[BlackElo "2450"]
[EventDate "2002.07.26"]

1. d4 Nf6 2. c4 e6 3. Nf3 b6 4. Nc3 Bb4 5. e3 Ne4 6. Qc2 Bb7 7. Bd3 f5 8.
O-O Nxc3 9. bxc3 Bxf3 10. gxf3 Bd6 11. f4 g5 12. fxg5 Bxh2+ 13. Kh1 h6 14.
Bxf5 exf5 15. Qxf5 Bd6 16. Qg6+ Kf8 17. f4 hxg5+ 18. Kg2 gxf4 19. Ba3 Qh4
20. Bxd6+ cxd6 21. Rh1 f3+ 22. Kxf3 Qxh1+ 23. Rxh1 Rxh1 24. Qxd6+ Ke8 25.
Qd5 Nc6 26. Qg8+ Ke7 27. Qxa8 Ra1 28. Qh8 1-0

[Event "4th Stage Russian Cup"]
[Site "Samara RUS"]
[Date "2002.07.26"]
[Round "1"]
[White "Matveeva,S"]
[Black "Luchkin,A"]
[Result "1-0"]
[WhiteElo "2448"]
[BlackElo "2191"]
[EventDate "2002.07.26"]

1. d4 Nf6 2. c4 g6 3. g3 Bg7 4. Bg2 d6 5. Nf3 O-O 6. Nc3 Nbd7 7. O-O e5 8.
e4 c6 9. h3 Qe7 10. Re1 Re8 11. Be3 Nf8 12. Qd2 Be6 13. d5 cxd5 14. exd5
Bd7 15. b4 b6 16. a4 Rec8 17. Bf1 Be8 18. a5 N6d7 19. Ra3 Qd8 20. Rea1 f5
21. axb6 axb6 22. Nb5 e4 23. Nfd4 Rxa3 24. Rxa3 Ne5 25. Qa2 Nf3+ 26. Nxf3
Bxb5 27. Nd4 Be8 28. Ra7 Rc7 29. Nc6 Bxc6 30. Bxb6 Rxa7 31. Qxa7 Qa8 32.
dxc6 Qxc6 33. b5 Qd7 34. Qa8 Kf7 35. Be3 Ne6 36. Qd5 Ke7 37. b6 Nc5 38. Qg8
Ne6 39. c5 dxc5 40. Bc4 Be5 41. Qxh7+ Kd8 42. Qg8+ Ke7 43. Qxg6 Qd1+ 44.
Kh2 Nd4 45. Qf7+ Kd8 46. Bg5+ 1-0

[Event "4th Stage Russian Cup"]
[Site "Samara RUS"]
[Date "2002.07.26"]
[Round "1"]
[White "Khismatullin,D"]
[Black "Jamaletdinov,R"]
[Result "1-0"]
[WhiteElo "2428"]
[BlackElo "2122"]
[EventDate "2002.07.26"]

1. e4 c5 2. Nf3 d6 3. d4 cxd4 4. Nxd4 Nf6 5. Nc3 a6 6. Bc4 Qc7 7. Bb3 e6 8.
O-O Nc6 9. Bg5 Be7 10. Qd3 O-O 11. Rae1 Bd7 12. Nxc6 Bxc6 13. Qg3 Kh8 14.
f4 b5 15. e5 Ng8 16. Ne4 Bxe4 17. Rxe4 d5 18. Re2 Bxg5 19. Qxg5 Qe7 20. Qh5
g6 21. Qh3 a5 22. c3 a4 23. Bc2 a3 24. b4 Rac8 25. Qd3 Qb7 26. h4 Qc6 27.
Rf3 Qc4 28. Qd1 Rfd8 29. Bb3 Qc6 30. h5 Ne7 31. Qe1 Rg8 32. Qh4 g5 33. fxg5
Nf5 34. Qf4 d4 35. cxd4 Qc1+ 36. Kf2 Rxg5 37. g4 Nh6 38. Qf6+ Rg7 39. Rg3
Rc3 40. Qd8+ Rg8 41. Qf6+ Rg7 42. Rg1 Qg5 43. Qxg5 Rxg5 44. Re3 Rxe3 45.
Kxe3 Rxg4 46. Rxg4 Nxg4+ 47. Kf4 Nh6 48. d5 exd5 49. Bxd5 Kg7 50. Bc6 f6
51. e6 Kf8 52. Bxb5 Ke7 53. Bc4 Kd6 54. b5 Ng8 55. Bd3 Nh6 56. b6 1-0

[Event "4th Stage Russian Cup"]
[Site "Samara RUS"]
[Date "2002.07.26"]
[Round "1"]
[White "Bryzgalin,K"]
[Black "Razuvajeva,J"]
[Result "1-0"]
[WhiteElo "2446"]
[BlackElo "2182"]
[EventDate "2002.07.26"]

1. e4 c5 2. Nf3 d6 3. d4 cxd4 4. Nxd4 Nf6 5. Nc3 a6 6. Bg5 e6 7. Qd2 Be7 8.
O-O-O Qc7 9. f4 Nbd7 10. g4 b5 11. a3 Bb7 12. Qe2 Rc8 13. Rg1 Qc5 14. Rg3
Qb6 15. e5 dxe5 16. fxe5 Nd5 17. Bxe7 Nxc3 18. Rxc3 Kxe7 19. Qe3 Rhd8 20.
Rxc8 Rxc8 21. Nf5+ Kf8 22. Rxd7 Qc6 23. Qd3 exf5 24. Qxf5 f6 25. exf6 g6
26. Qd3 Re8 27. Qd2 Qxf6 28. Bd3 Re7 29. Qh6+ Ke8 30. Rxe7+ Qxe7 31. Kd2
Qf6 32. Qe3+ Kf7 33. c3 Qd6 34. Qf2+ Kg8 35. Kc2 Bd5 36. h3 Bb3+ 37. Kxb3
Qxd3 38. Qg2 Qc4+ 39. Kc2 Qa4+ 40. Kb1 Qd1+ 41. Ka2 Qd3 42. g5 a5 43. a4
bxa4 44. Qa8+ Kf7 45. Qb7+ Ke6 46. Qb6+ Kf7 47. Qf6+ Kg8 48. Qe6+ Kg7 49.
Qe7+ Kg8 50. Qe8+ Kg7 51. Qxa4 Qd5+ 52. c4 Qxg5 53. Qb5 Qd2 54. c5 Qd5+ 55.
Ka3 Qf3+ 56. Ka4 Qxh3 57. c6 Qh4+ 58. Kxa5 Qd8+ 59. Qb6 Qd5+ 60. Ka6 Kh6
61. Ka7 Qa2+ 62. Kb8 Qg8+ 63. Kb7 Qd5 64. b4 g5 65. Qc5 Qe4 66. Ka7 Qe6 67.
c7 Qc8 68. Qd6+ 1-0

[Event "4th Stage Russian Cup"]
[Site "Samara RUS"]
[Date "2002.07.26"]
[Round "1"]
[White "Kochetkov,Vic"]
[Black "Egorov,E"]
[Result "0-1"]
[WhiteElo "2161"]
[BlackElo "2444"]
[EventDate "2002.07.26"]

1. Nc3 c5 2. Nf3 Nc6 3. d4 cxd4 4. Nxd4 g6 5. Bg5 Qa5 6. h4 Bg7 7. Nb3
Bxc3+ 8. bxc3 Qxc3+ 9. Bd2 Qe5 10. e3 d6 11. c4 Nf6 12. Rc1 Ne4 13. Be2 h5
14. Bf3 Be6 15. Bxe4 Qxe4 16. f3 Qd3 17. Rc3 Qf5 18. e4 Qf6 19. Rc2 O-O 20.
Bc3 Qf4 21. Kf2 Qh6 22. Re1 Rac8 23. Nd4 Nxd4 24. Bxd4 b6 25. Qd3 f6 26. a4
Rc6 27. a5 bxa5 28. Be3 Qg7 29. c5 Rb8 30. Rec1 Rb3 31. Qd2 a4 32. Qa5 a3
33. Qa4 Rxc5 34. Bxc5 dxc5 35. Rxc5 a2 36. Ra1 Rb2+ 0-1

[Event "4th Stage Russian Cup"]
[Site "Samara RUS"]
[Date "2002.07.26"]
[Round "1"]
[White "Obukhov,A"]
[Black "Petrov,Il"]
[Result "1-0"]
[WhiteElo "2444"]
[BlackElo "2161"]
[EventDate "2002.07.26"]

1. Nf3 Nf6 2. g3 g6 3. Bg2 Bg7 4. O-O O-O 5. d4 d6 6. Re1 Nbd7 7. e4 e5 8.
Nc3 c6 9. a4 a5 10. h3 Qc7 11. Bg5 h6 12. Be3 Re8 13. Qd2 Kh7 14. Rad1 Nb6
15. b3 Bd7 16. dxe5 dxe5 17. Qd6 Qxd6 18. Rxd6 Nc8 19. Rd3 Be6 20. Nxe5
Nxe4 21. Nxe4 Bxe5 22. Bf4 Bg7 23. Nc5 Nb6 24. Nxe6 Rxe6 25. Rxe6 fxe6 26.
c4 Re8 27. Bc7 Nc8 28. Bxa5 Be5 29. Rd7+ Re7 30. Rxe7+ Nxe7 31. g4 g5 32.
Be4+ Kg7 33. Bd2 Ng6 34. Bxg6 Kxg6 35. b4 Bd6 36. Kg2 Kf6 37. Kf3 b6 38. a5
bxa5 39. bxa5 Bc7 40. c5 Bb8 41. Ke4 Ba7 42. a6 e5 43. Bc3 1-0

[Event "4th Stage Russian Cup"]
[Site "Samara RUS"]
[Date "2002.07.26"]
[Round "1"]
[White "Nagimov,A"]
[Black "Kosintseva,T"]
[Result "1/2-1/2"]
[WhiteElo "2154"]
[BlackElo "2441"]
[EventDate "2002.07.26"]

1. d4 f5 2. Nc3 d5 3. Bf4 c6 4. e3 Nf6 5. Nf3 e6 6. Bd3 Be7 7. O-O O-O 8.
h3 b6 9. Ne5 Bb7 10. Ne2 Nbd7 11. c4 Ne4 12. Qa4 Nxe5 13. Bxe5 c5 14. Nf4
Qc8 15. Rad1 g5 16. Ne2 Bc6 17. Qb3 Qd7 18. Nc3 Nxc3 19. Qxc3 Qb7 20. b3
Rad8 21. Rfe1 Rd7 22. Qb2 dxc4 23. Bxc4 Bd5 24. Bb5 Rdd8 25. Bf1 cxd4 26.
Bxd4 Rc8 27. Rc1 Rxc1 28. Rxc1 Rc8 29. Rxc8+ Qxc8 30. Qc3 Qxc3 31. Bxc3 Bd6
32. Bc4 Bxc4 33. bxc4 Kf7 34. Kf1 e5 35. Ke2 e4 36. f3 Ke6 37. fxe4 fxe4
38. g4 Bc5 39. Bd4 Bb4 40. Kd1 Bc5 41. Bxc5 bxc5 42. Kc2 Kd6 43. Kb3 Kc6
44. Ka4 Kb6 45. Kb3 Ka5 46. Ka3 Kb6 1/2-1/2

[Event "4th Stage Russian Cup"]
[Site "Samara RUS"]
[Date "2002.07.26"]
[Round "1"]
[White "Temirbaev,S"]
[Black "Shutalev,M"]
[Result "1-0"]
[WhiteElo "2433"]
[BlackElo "2140"]
[EventDate "2002.07.26"]

1. d4 e6 2. c4 b6 3. e4 Bb7 4. Nc3 Bb4 5. f3 f5 6. exf5 Nh6 7. a3 Bxc3+ 8.
bxc3 Nxf5 9. Nh3 Qh4+ 10. Nf2 O-O 11. Bd3 c5 12. dxc5 bxc5 13. Rb1 Bc6 14.
O-O d5 15. Qe1 Re8 16. Ng4 Qxe1 17. Rxe1 Nd6 18. cxd5 exd5 19. Rxe8+ Nxe8
20. Ne5 Ba4 21. Be3 c4 22. Bf5 Nc7 23. Rb7 Nba6 24. f4 g6 25. Bg4 Be8 26.
Bf3 Kf8 27. h4 h5 28. Kh2 Rb8 29. Bc5+ Kg8 30. Rxb8 Nxb8 31. Bxa7 Nba6 32.
Bd4 Bf7 33. a4 Be8 34. Kg3 Kh7 35. a5 Nb5 36. Bxd5 Nxd4 37. cxd4 c3 38. Nd3
Bb5 39. Nc1 Nb4 40. Be4 c2 41. Kf2 Bc4 42. Ke3 Kg7 43. Kd2 Bf7 44. g3 Kf6
45. Kc3 1-0

[Event "4th Stage Russian Cup"]
[Site "Samara RUS"]
[Date "2002.07.26"]
[Round "1"]
[White "Sidorova,E"]
[Black "Kurnosov,I"]
[Result "0-1"]
[WhiteElo "2132"]
[BlackElo "2433"]
[EventDate "2002.07.26"]

1. d4 f5 2. Nf3 Nf6 3. g3 e6 4. Bg2 d5 5. O-O Bd6 6. c4 c6 7. Ne5 O-O 8.
Bf4 Ng4 9. Qc1 Nxe5 10. Bxe5 Be7 11. Nd2 Nd7 12. Nf3 g5 13. Rd1 Rf7 14. Ne1
Nxe5 15. dxe5 Bd7 16. Nd3 f4 17. Qc3 Qb6 18. Bf3 fxg3 19. hxg3 Raf8 20. b4
Rg7 21. c5 Qd8 22. Qd4 Be8 23. Qg4 h5 24. Qd4 Bg6 25. a4 a5 26. b5 Qc7 27.
Rab1 Bd8 28. Rb2 Qd7 29. Nc1 g4 30. Bg2 h4 31. e4 Bg5 32. Nb3 Qd8 33. exd5
exd5 34. Re2 Rf3 35. Bxf3 gxf3 36. Re3 Bxe3 37. Qxe3 hxg3 38. fxg3 Bc2 39.
Rd4 Rxg3+ 40. Kf2 Rg7 41. Qxf3 Bxb3 42. Qxb3 Qf8+ 43. Qf3 Qxc5 0-1

[Event "4th Stage Russian Cup"]
[Site "Samara RUS"]
[Date "2002.07.26"]
[Round "1"]
[White "Kurganov,D"]
[Black "Akhmadeev,V"]
[Result "0-1"]
[WhiteElo "2106"]
[BlackElo "2414"]
[EventDate "2002.07.26"]

1. c4 e6 2. Nf3 Nf6 3. g3 d5 4. b3 a5 5. Bb2 a4 6. Qc1 Nbd7 7. Bg2 c6 8.
O-O Qb6 9. cxd5 exd5 10. bxa4 Bd6 11. Nd4 Ne5 12. d3 Rxa4 13. Nb3 O-O 14.
N1d2 Bg4 15. Nf3 Bxf3 16. Bxf3 Rfa8 17. Qg5 Nxf3+ 18. exf3 h6 19. Qf5 Nh7
20. Rfe1 Bf8 21. Rab1 Qd8 22. Bd4 Ng5 23. h4 Qc8 24. Re5 Qxf5 25. Rxf5 Ne6
26. Bb6 Rb4 27. Be3 Rxa2 28. Bd2 Rb5 29. Bc3 Ra3 0-1

[Event "4th Stage Russian Cup"]
[Site "Samara RUS"]
[Date "2002.07.26"]
[Round "1"]
[White "Vulfson,V"]
[Black "Doluhanova,E"]
[Result "1-0"]
[WhiteElo "2412"]
[BlackElo "2097"]
[EventDate "2002.07.26"]

1. d4 d5 2. c4 e6 3. Nc3 Nf6 4. Bg5 c6 5. e3 Nbd7 6. cxd5 exd5 7. Bd3 h6 8.
Bh4 Be7 9. Qc2 O-O 10. Nf3 Re8 11. O-O Ne4 12. Bxe7 Qxe7 13. b4 Ndf6 14. b5
c5 15. dxc5 Nxc5 16. Rac1 b6 17. h3 Bb7 18. Be2 Rac8 19. Nd4 Nce4 20. Qb2
Nxc3 21. Rxc3 Rxc3 22. Qxc3 Ne4 23. Qb2 Qf6 24. Qa3 Ra8 25. Bd3 Nc5 26. Rc1
a6 27. bxa6 Bxa6 28. Bb5 g6 29. Rd1 Bb7 30. Qb2 Kg7 31. Be2 Ba6 32. Bxa6
Rxa6 33. Qe2 Ra8 34. Rb1 Ra4 35. Qb2 Nd3 36. Qd2 Nc5 37. Nb5 Ne4 38. Qb2
Ra5 39. f3 Qxb2 40. Rxb2 Nf6 41. Kf2 Nd7 42. Ke2 Ne5 43. Nc3 Nc4 44. Rb3
Kf6 45. f4 Ke6 46. Kd3 f5 47. g4 Kd6 48. Kd4 Ra3 49. Nb5+ 1-0

[Event "4th Stage Russian Cup"]
[Site "Samara RUS"]
[Date "2002.07.26"]
[Round "1"]
[White "Loskutov,O"]
[Black "Khakimov,T"]
[Result "1-0"]
[WhiteElo "2406"]
[BlackElo "2132"]
[EventDate "2002.07.26"]

1. e4 c5 2. Nf3 Nc6 3. d4 cxd4 4. Nxd4 Nf6 5. Nc3 e5 6. Ndb5 d6 7. Bg5 a6
8. Na3 b5 9. Bxf6 gxf6 10. Nd5 f5 11. Bd3 Be6 12. O-O Bg7 13. Qh5 f4 14. c4
bxc4 15. Bxc4 O-O 16. Rfd1 Rb8 17. b3 Qd7 18. Rac1 Kh8 19. Qh4 f5 20. Nxf4
exf4 21. Bxe6 Qxe6 22. Rxc6 fxe4 23. Rcxd6 Qe8 24. Qg4 e3 25. Rd7 Bc3 26.
Qe2 Bd2 27. Qd3 Rf7 28. Rxf7 Qxf7 29. Nc4 exf2+ 30. Kf1 Bb4 31. Qd4+ Kg8
32. Ne5 Qe6 33. Qxf4 Re8 34. Qxb4 Qxe5 35. Qg4+ Kf8 36. Qf3+ Kg7 37. Qg3+
Qxg3 38. hxg3 Rc8 39. Rd2 a5 40. Kxf2 Kf6 41. Ke3 Ke5 42. Kd3 Rg8 43. Kc4
Rxg3 44. Kb5 Ke4 45. Kxa5 Ke3 46. Rb2 Kd4 47. b4 Ra3+ 48. Kb6 Kc3 49. Rb1
Rxa2 50. b5 Rxg2 51. Rh1 Kd4 52. Rxh7 Kd5 53. Kc7 Rc2+ 54. Kb7 Rb2 55. b6
Kd6 56. Rh1 Ra2 57. Rd1+ Ke7 58. Kb8 Rb2 59. b7 Rc2 60. Ra1 Kd7 61. Ka8 1-0

[Event "4th Stage Russian Cup"]
[Site "Samara RUS"]
[Date "2002.07.27"]
[Round "2"]
[White "Kruppa,Y"]
[Black "Tihonov,J"]
[Result "1/2-1/2"]
[WhiteElo "2544"]
[BlackElo "2382"]
[EventDate "2002.07.26"]

1. d4 Nf6 2. c4 g6 3. Nc3 Bg7 4. e4 d6 5. Nf3 O-O 6. Be2 Bg4 7. Be3 Nfd7 8.
Rc1 a6 9. d5 c5 10. Nd2 Bxe2 11. Qxe2 b5 12. O-O b4 13. Nd1 e6 14. f4 exd5
15. cxd5 f5 16. Nf3 Re8 17. Ng5 Nf8 18. Qd3 Nbd7 19. Rc2 Nf6 20. Kh1 h6 21.
Nf3 Nxe4 22. Nd2 Nxd2 23. Rxd2 Qe7 24. Re1 Nd7 25. Qf1 Nf6 26. Nf2 Qxe3 27.
Rxe3 Rxe3 28. Re2 Rxe2 29. Qxe2 Re8 30. Qd1 Ne4 31. Nxe4 Rxe4 32. g4 Rxf4
33. gxf5 Rxf5 34. Qa4 Rf2 35. Qxa6 Be5 1/2-1/2

[Event "4th Stage Russian Cup"]
[Site "Samara RUS"]
[Date "2002.07.27"]
[Round "2"]
[White "Pridorozhni,A"]
[Black "Kornev,Alexe"]
[Result "1/2-1/2"]
[WhiteElo "2453"]
[BlackElo "2567"]
[EventDate "2002.07.26"]

1. e4 c6 2. d4 d5 3. exd5 cxd5 4. Bd3 Nc6 5. c3 Qc7 6. Ne2 Bg4 7. f3 Bd7 8.
Bf4 Qb6 9. Qb3 Rc8 10. Nd2 Nf6 11. g4 e6 12. h4 Na5 13. Qxb6 axb6 14. Ng3
b5 15. a3 Nc4 16. Nxc4 dxc4 17. Be4 Bc6 18. Bxc6+ Rxc6 19. Kf2 Nd5 20. Ne2
Be7 21. Bg3 h5 22. g5 f6 23. Nf4 Nxf4 24. Bxf4 Kf7 25. Rhg1 Rd8 26. Rae1
Bf8 27. Re4 Rd5 28. Rge1 Rf5 29. Bc1 Ra6 30. Rg1 Rd6 31. Bf4 Rc6 32. Bc1
Rd5 33. Rge1 Ke7 34. Rg1 Rf5 35. Bf4 Ke8 36. Rge1 Kf7 37. Rg1 Rc8 38. Bc1
Re8 39. Rge1 e5 40. Bf4 Bd6 41. Bh2 Re7 42. dxe5 fxe5 43. Rd1 Ke6 44. Ke2
Rd7 45. Bg3 Bc7 46. Rxd7 Kxd7 47. a4 Kc6 48. axb5+ Kxb5 49. b3 cxb3 50.
Rb4+ Kc6 51. Rxb3 Bd6 52. Ke3 b5 53. Ke4 Rf8 54. Rb1 g6 55. Rd1 Re8 56. Rd5
b4 57. cxb4 Bxb4 58. Rxe5 Rxe5+ 59. Bxe5 Kd7 60. Bg3 Ke6 1/2-1/2